000 00388pab a2200133 454500
008 180718b xxu||||| |||| 00| 0 eng d
100 _aJain, Balbir
245 _aVocational education in India: Problems and policies
650 _a Vocational Education
650 _a Education
650 _aVocational Education - India
773 _aIndian Journal of Industrial Relations
909 _a23297
999 _c23297
_d23297